000 00591nam a2200193Ia 4500
008 191130s2003##################000#0#eng##
020 _a9780761950288
040 _aACL
_cACL
082 _a306.0722 HAR
100 _aHartley, John
245 _aA short history of cultural studies
_cJohn Hartley
260 _aThousand Oaks, CA
_bSAGE
_c2003
300 _a189 p. : ill. ; 25 cm
500 _aIncludes bibliographical references (p. [177]-183) and index
650 _aCulture - Study and teaching
990 _a3e436ef6ac10000c6c0b10dc8c8f2bd1
991 _a158479
999 _c358872
_d358872